| 000 | 00510nam a2200181Ia 4500 | ||
|---|---|---|---|
| 999 |
_c12821 _d12821 |
||
| 003 | OSt | ||
| 005 | 20201015123643.0 | ||
| 008 | 190216s9999||||xx |||||||||||||| ||und|| | ||
| 022 | _a0140045376 | ||
| 040 | _coclc | ||
| 082 |
_a828.91209 _bOBR/S |
||
| 100 |
_aObrien, Flann _95183 |
||
| 245 | 0 |
_aStories And Plays / _cFlann Obrien |
|
| 260 |
_bPenguin Books, _c1951. _aNew zealand: |
||
| 300 | _a208p | ||
| 650 | _aEnglish Drama | ||
| 942 |
_cBK _2ddc _h828.91209 _iOBR/S _k828.91209 _mOBR/S |
||